[Event "Amager-ch A"]
[Site "Amager"]
[Date "2014.09.30"]
[Round "6"]
[White "Andersen, Henrik Hauge"]
[Black "Brorsen, Jacob Abildlund"]
[Result "1/2-1/2"]
[WhiteElo "1744"]
[BlackElo "2132"]
[PlyCount "111"]
[EventDate "2014.08.19"]
[EventType "tourn"]
[EventRounds "7"]
[EventCountry "DEN"]
[SourceTitle "EXT 2023"]
[Source "ChessBase"]
[SourceDate "2022.10.05"]
[SourceVersion "1"]
[SourceVersionDate "2022.10.05"]
[SourceQuality "1"]

1. e4 c6 2. d4 d5 3. Nc3 dxe4 4. Nxe4 Bf5 5. Ng3 Bg6 6. h4 h6 7. Nf3 Nd7 8. Bd3 Bxd3 9. Qxd3 Ngf6 10. Be3 Qa5+ 11. c3 e6 12. 0-0 Bd6 13. Ne4 Nxe4 14. Qxe4 Nf6 15. Qc2 Qh5 16. Qd1 g5 17. g3 0-0-0 18. Ne5 g4 19. Bf4 Nd5 20. Qd2 f6 21. Nd3 e5 22. dxe5 fxe5 23. Be3 Rhf8 24. c4 Nxe3 25. Qxe3 Qf5 26. Qxh6 e4 27. Nf4 Bxf4 28. Qxf4 Qxf4 29. gxf4 Rxf4 30. Rad1 Rdf8 31. Kg2 Kc7 32. h5 Rh8 33. Rh1 e3 34. fxe3 Rxc4 35. Rd2 Re4 36. Re2 Kd6 37. h6 Ke6 38. h7 Kf6 39. Kf2 Kg6 40. Rd2 Re7 41. Rd4 Rexh7 42. Rxh7 Rxh7 43. Rxg4+ Kf5 44. Rg2 Ke4 45. Ke2 Rh4 46. Rf2 a5 47. Rf7 Rh2+ 48. Rf2 Rxf2+ 49. Kxf2 b5 50. Ke2 c5 51. b3 Ke5 52. Kd2 Ke4 53. Ke2 Ke5 54. Kd2 Ke4 55. Ke2 Ke5 56. Kd2 1/2-1/2

[Event "Amager-ch"]
[Site "Amager"]
[Date "2010.09.21"]
[Round "4"]
[White "Tronning, Mark Philip"]
[Black "Andersen, Henrik Hauge"]
[Result "1/2-1/2"]
[WhiteElo "1384"]
[BlackElo "1821"]
[PlyCount "158"]
[EventDate "2010.08.24"]
[EventType "swiss"]
[EventRounds "7"]
[EventCountry "DEN"]
[SourceTitle "EXT 2023"]
[Source "ChessBase"]
[SourceDate "2022.10.05"]
[SourceVersion "1"]
[SourceVersionDate "2022.10.05"]
[SourceQuality "1"]

1. b3 d5 2. Bb2 Nf6 3. e3 Nbd7 4. Nf3 e6 5. d3 b6 6. Be2 Bb7 7. 0-0 c5 8. Nbd2 Be7 9. c4 0-0 10. Qc2 Rc8 11. Rac1 Re8 12. Rfd1 Bd6 13. h3 e5 14. cxd5 Nxd5 15. Nc4 Nb4 16. Qb1 Bb8 17. a3 Nd5 18. e4 Nf4 19. Bf1 Qf6 20. Ncd2 Nf8 21. g3 N4e6 22. Nh4 Nd4 23. Bxd4 exd4 24. Nf5 Nd7 25. Nf3 g6 26. N5h4 Ne5 27. Bg2 g5 28. Nf5 Nxd3 29. Rxd3 Bxe4 30. g4 Re6 31. Nd2 Bxd3 32. Qxd3 Rce8 33. Ne4 Qd8 34. f3 Qc7 35. Kf2 f6 36. Kf1 Kf8 37. Rc2 Qf4 38. Kg1 h5 39. a4 hxg4 40. hxg4 Kf7 41. Rf2 Rh8 42. Qb5 Qc7 43. Qd3 Qc6 44. Kf1 Bf4 45. Re2 Be5 46. Qc4 Qb7 47. Nxg5+ fxg5 48. Rxe5 Qd7 49. Rxe6 Qxe6 50. Nd6+ Ke7 51. Nf5+ Kf6 52. Qd3 Re8 53. Qd1 Qd7 54. Ng3 d3 55. Ne4+ Kg6 56. Kf2 Qd4+ 57. Kg3 Qe3 58. Bf1 Rh8 59. Bxd3 Qf4+ 60. Kg2 Rh2+ 61. Kg1 Rb2 62. Nf2+ Kh6 63. Qf1 Qxf3 64. Qg2 Qxg2+ 65. Kxg2 Rxb3 66. Bb5 Rb2 67. Kg3 Ra2 68. Ne4 a6 69. Bxa6 Rxa4 70. Bb5 Rb4 71. Nd6 Rb2 72. Bc4 Rd2 73. Nb5 Rc2 74. Nd6 Rd2 75. Nb5 Rd8 76. Kf2 Kg7 77. Ke3 Kf6 78. Ke4 Re8+ 79. Kd3 Ke5 1/2-1/2

[Event "Amager-ch"]
[Site "Amager"]
[Date "2010.08.31"]
[Round "2"]
[White "Andersen, Henrik Hauge"]
[Black "Moller, Arne Vagn"]
[Result "0-1"]
[WhiteElo "1821"]
[BlackElo "1826"]
[PlyCount "134"]
[EventDate "2010.08.24"]
[EventType "swiss"]
[EventRounds "7"]
[EventCountry "DEN"]
[SourceTitle "EXT 2023"]
[Source "ChessBase"]
[SourceDate "2022.10.05"]
[SourceVersion "1"]
[SourceVersionDate "2022.10.05"]
[SourceQuality "1"]

1. e4 c5 2. Nf3 d6 3. d4 cxd4 4. Nxd4 Nf6 5. Nc3 a6 6. Be3 Nc6 7. f3 Qc7 8. Qd2 b5 9. Bd3 Nxd4 10. Bxd4 e5 11. Be3 Be6 12. 0-0 Be7 13. Nd5 Bxd5 14. exd5 Qb7 15. Be4 0-0 16. c3 Rac8 17. a3 Nxe4 18. fxe4 Rc4 19. Qc2 f5 20. exf5 Qxd5 21. Rad1 Qc6 22. Qf2 d5 23. Kh1 Bf6 24. Qf3 Rd8 25. h3 d4 26. Qxc6 Rxc6 27. Bd2 Rcd6 28. Rde1 Kf7 29. g4 h6 30. Kg2 Rd5 31. Re4 Rc8 32. Kg3 a5 33. h4 b4 34. axb4 axb4 35. cxd4 Rc2 36. Bxb4 Rxb2 37. g5 hxg5 38. hxg5 Rxb4 39. gxf6 gxf6 40. Ra1 Rbxd4 41. Ra7+ Rd7 42. Rxd4 Rxa7 43. Rd6 Re7 44. Kf3 Rc7 45. Ra6 Rc4 46. Ra7+ Kg8 47. Kg3 Rf4 48. Rb7 Rxf5 49. Kg4 Rg5+ 50. Kh4 Rg7 51. Rb8+ Kh7 52. Rb6 Kg6 53. Kg4 Re7 54. Kf3 Kg5 55. Ke4 f5+ 56. Kf3 e4+ 57. Kf2 Kf4 58. Rb5 Ra7 59. Ke1 Ra2 60. Rc5 e3 61. Kf1 Ke4 62. Rc4+ Kf3 63. Kg1 Ra1+ 64. Kh2 Kf2 65. Rb4 f4 66. Rc4 f3 67. Rg4 e2 0-1

[Event "Amager-ch"]
[Site "Amager"]
[Date "2009.10.27"]
[Round "7"]
[White "Gade, Jens"]
[Black "Andersen, Henrik Hauge"]
[Result "0-1"]
[WhiteElo "1454"]
[BlackElo "1731"]
[PlyCount "110"]
[EventDate "2009.09.01"]
[EventType "swiss"]
[EventRounds "7"]
[EventCountry "DEN"]
[SourceTitle "EXT 2023"]
[Source "ChessBase"]
[SourceDate "2022.10.05"]
[SourceVersion "1"]
[SourceVersionDate "2022.10.05"]
[SourceQuality "1"]

1. f4 d5 2. Nf3 g6 3. e3 Bg7 4. Be2 Nf6 5. 0-0 0-0 6. d4 Bf5 7. Nc3 Nbd7 8. Ne5 Ne4 9. Nxe4 Bxe4 10. c4 c6 11. Qb3 Qc7 12. Bd2 e6 13. Rac1 Nf6 14. Qa3 Rfd8 15. Bb4 a5 16. Be1 Bf8 17. c5 b6 18. Bh4 Kg7 19. Qa4 bxc5 20. dxc5 Rdc8 21. Qd4 Be7 22. Ng4 Qd8 23. Bg5 h5 24. Ne5 Kg8 25. g4 hxg4 26. Nxg4 Nxg4 27. Bxe7 Qxe7 28. Bxg4 Rcb8 29. Be2 Rb4 30. Qc3 Rab8 31. b3 a4 32. Bd1 axb3 33. axb3 Qd8 34. Rf2 d4 35. exd4 Rxd4 36. Bc2 Bxc2 37. Qxc2 Qf6 38. Qc3 Rbb4 39. Rcf1 Qf5 40. Kh1 Qd5+ 41. Kg1 Rxb3 42. Qe1 Qxc5 43. Qe5 Qxe5 44. fxe5 Rb7 45. Rc2 Rc7 46. Re1 c5 47. Kf2 c4 48. Re3 Kg7 49. Kf3 Rc5 50. Re4 Rd3+ 51. Kf4 c3 52. Re3 Rxe3 53. Kxe3 Rxe5+ 54. Kd4 Rd5+ 55. Kxc3 Rc5+ 0-1

[Event "Amager-ch"]
[Site "Amager"]
[Date "2009.09.29"]
[Round "4"]
[White "Varming, Thomas"]
[Black "Andersen, Henrik Hauge"]
[Result "1-0"]
[WhiteElo "1760"]
[BlackElo "1731"]
[PlyCount "91"]
[EventDate "2009.09.01"]
[EventType "swiss"]
[EventRounds "7"]
[EventCountry "DEN"]
[SourceTitle "EXT 2023"]
[Source "ChessBase"]
[SourceDate "2022.10.05"]
[SourceVersion "1"]
[SourceVersionDate "2022.10.05"]
[SourceQuality "1"]

1. d4 d5 2. Nf3 Nf6 3. c4 e6 4. Nc3 c6 5. Bg5 Nbd7 6. e3 Qa5 7. Nd2 dxc4 8. Bxf6 Nxf6 9. Bxc4 Bb4 10. Qb3 0-0 11. 0-0 Be7 12. Nf3 a6 13. Rac1 c5 14. Be2 Bd7 15. Ne5 cxd4 16. Nxd7 Nxd7 17. exd4 b5 18. Ne4 Qb6 19. d5 exd5 20. Qxd5 Nf6 21. Qe5 Rfe8 22. Bd3 Bd8 23. Qf5 g6 24. Qf3 Qd4 25. Rfe1 Qxb2 26. Nd6 Rxe1+ 27. Rxe1 Qd2 28. Rd1 Qb4 29. Qxa8 Qxd6 30. Be2 Qe6 31. Qxd8+ Kg7 32. Qd2 h5 33. g3 b4 34. Bf3 a5 35. Bd5 Qh3 36. Bg2 Qe6 37. Qb2 Qg4 38. Rd6 Qf5 39. Qd4 Qb1+ 40. Bf1 Qf5 41. h4 Qf3 42. Ra6 Qf5 43. Kg2 g5 44. Bd3 Qd5+ 45. Qxd5 Nxd5 46. Rxa5 1-0